000
00327nam a22001457a 4500
008
210507b ||||| |||| 00| 0 eng d
020
_a
978128586134
041
_a
eng
080
_8
_a
33
082
_a
33
100
_a
58
101
_a
BIZ
245
_a
Essentials of Business Communication
_c
Guffey,M.E
942
_2
udc
_c
BK
999
_c
57127
_d
57127